Регионална библиотека "Любен Каравелов" - Русе

Национален събор по народна борба, 15-16 септ. 1979, гр. Ветово (Запис номер 447047)

MARC детайли
000 -Лидер
Контролно поле с фиксирана дължина 00814nam a2200229 a 4500
003 - Код на организацията, давaща контролен номер
Контролно поле BLK
005 - Дата и час на последна редакция
Контролно поле 20230808085012.0
008 - Елементи от данни с фиксирана дължина
fixed length control field 220302b bul|||||r ||||||| ||bul||
040 ## - Източник на каталожния запис
Идентификатор на билиотеката - собственик на записа BLK
041 ## - Код за език
Код за езика на текст/звукозапис или на отделно заглавие Български
Код за езика КДБФ Български
080 ## - УДК
Текстов определител УДК Борба : Свободна борба, класическа и др.
УДК код - определител по УДК 796.81/.82
УДК определител (497.215)(062)
УДК - код + определител 796.81/.82(497.215)(062)
139 ## - Редно поле
Авторски знак Нац - Н 33
245 10 - Сведения за заглавието
Заглавие Национален събор по народна борба, 15-16 септ. 1979, гр. Ветово
Физически носител (вид на носителя) [Малотир. изд.]
260 ## - Област на издателските данни
Място на издаване, разпространение и проч. Русе
Име на издателя, разпространителя и проч. б. и.
Година на издаване 1979
300 ## - Физическа характеристика
Страници 14 с.
Илюстрации и др. със сн.
Размери/Мащаб 20 см
380 ## - Жанр
Жанр 793/799 Спорт
653 #7 - Ключова дума – ненормативна
9 (RLIN) 196284
Ключова дума свободна борба
653 #7 - Ключова дума – ненормативна
9 (RLIN) 198800
Ключова дума турнири
852 ## - Местоположение
Форматна сигнатура К 796/799/Н 33
Фондова буква Краезнание
999 ## - СИСТЕМНИ КОНТРОЛНИ НОМЕРА
Koha biblionumber 447047
Koha biblioitemnumber 447047
942 ## - АРТИКУЛИ
Вид на библиотечния материал Книги
Скрит в OPAC Не
Периодичен библиозапис Да
Koha issues (borrowed), all copies 1
944 ## - СЪЗДАВАНЕ И РЕДАКЦИЯ на ЗАПИСА
Създаване/Редакция Създаване
Дата на регистрацията/редакция 2022-03-02
Служител, извършил регистрацията/редакцията 30570
Статус, дата на статуса Моника Янева
Наличности
Код за отписване Код за изгубен артикул Източник на класификационната схема Код за повреда Коз за рестрикции Код за отдаване Артикулен № Име на библиотеката - собственик Име на библиотеката, в която се намира в момента Статус (Текущо местоположение) Дата на вписване в системата Местоположение - отдел Цена в лева Систематично азбучна сигнатура Баркод Цена в евро Служебен тип на артикула
  Не е изгубен Universal Decimal Classification Не е повреден само за читалня ползва се в читалня 874686 Регионална библиотека "Любен Каравелов" Русе Регионална библиотека "Любен Каравелов" Русе Краезнание 2022-03-10 Краезнание 1.00 К 796/799/Н 33 120000867747 0.51 Книги
Vip Innovations Ltd, Rousse, Bulgaria 2025